Catastro de experiencias y proyectos de innovación educativa
Uloženo v:
| Hlavní autoři: | , |
|---|---|
| Médium: | Kniha |
| Jazyk: | španělština |
| Vydáno: |
Santiago
CPEIP
1995
|
| Témata: | |
| Tagy: |
Přidat tag
Žádné tagy, Buďte první, kdo vytvoří štítek k tomuto záznamu!
|
MARC
| LEADER | 00000nam a2200000 a 4500 | ||
|---|---|---|---|
| 001 | UCZ7515 | ||
| 003 | CL-VaPUC | ||
| 008 | 960105e19950800CL |||||||||||||||||spa|d | ||
| 082 | 0 | 4 | |a 379.2 |b MOL |2 21 |
| 100 | |a Molina Díaz, Claudio |e autor |9 546963 | ||
| 700 | |a Heras Karl, Rodrigo E. de las |e author |9 541891 | ||
| 245 | 1 | 0 | |a Catastro de experiencias y proyectos de innovación educativa |
| 300 | |a 355 p | ||
| 942 | |c BK | ||
| 945 | |d 19960105 00:00:00 |a cmena | ||
| 260 | |a Santiago |b CPEIP |c 1995 | ||
| 650 | 0 | |a Política educacional |9 308011 | |
| 650 | 0 | |a Innovaciones pedagógicas |9 307471 | |
| 650 | 0 | |a Planificación de la educación |9 307333 | |
| 650 | 7 | |a DESARROLLO DE LA EDUCACION |2 CL-VaPUC |9 352439 | |
| 650 | 0 | |a Estado y educación |9 311264 | |
| 583 | |a last modification |c 19960105 00:00:00 |k Rodrigo Vera | ||
| 999 | |c 243584 |d 243582 | ||
| 952 | |0 0 |1 0 |4 0 |6 379_200000000000000_MOL_1995 |7 0 |8 A |9 257274 |a BIBEDU |b BIBEDU |d 2019-11-19 |i 1611666 |o 379.2 MOL 1995 |p 1611666 |r 2019-11-19 |w 2019-11-19 |y BK |k EDU | ||
| 952 | |0 0 |1 0 |4 0 |6 379_200000000000000_MOL_1995 |7 0 |8 A |9 257275 |a BIBEDU |b BIBEDU |d 2019-11-19 |i 3205703 |o 379.2 MOL 1995 |p 3205703 |r 2019-11-19 |w 2019-11-19 |y BK |k EDU | ||